Shortest Non-Name Type-ins - US States - Statistics

General Stats
  • This quiz has been taken 28 times
  • The average score is 16 of 24
Answer Stats
State # of letters # of type-ins Answer % Correct
Arizona 7 2 arazona | arezona
76%
Arkansas 8 5 arkansaw | arkensas | arkensaw | arkinsas | arkinsaw
76%
Connecticut 10 3 connetacut | connetecut | conneticut
76%
New Hampshire 2 1 nh
76%
New Jersey 2 1 nj
76%
Pennsylvania 11 4 pensalvania | penselvania | pensilvania | pensylvania
76%
Alabama 7 2 alebama | alibama
71%
California 10 2 calafornia | calefornia
71%
Colorado 8 3 colarado | colerado | colirado
71%
Michigan 8 14 michagan | michagen | michagin | michagon | michagun | michegan | michegen | michegin | michegon | michegun | michigen | michigin | michigon | michigun
71%
Minnesota 8 6 minasoda | minasota | minesoda | minesota | minisoda | minisota
71%
Mississippi 8 1 misisipi
71%
Nevada 6 1 navada
71%
Oklahoma 8 3 oklehoma | oklihoma | oklohoma
71%
Tennessee 7 3 tenasee | tenesee | tenisee
71%
Delaware 8 1 deleware
65%
Florida 7 2 florada | floreda
65%
Louisiana 8 2 loisiana | luisiana
65%
Massachusetts 11 6 masachusets | masachusits | masechusets | masechusits | masichusets | masichusits
65%
Missouri 6 2 misori | misuri
65%
Nebraska 8 1 nabraska
65%
Oregon 6 2 oragon | orogon
59%
Rhode Island 10 1 roadisland
53%
Illinois 6 6 ilanis | ilanos | ilenis | ilenos | ilinis | ilinos
41%
No matching quizzes found
Score Distribution
Percent of People with Each Score
Percentile by Number Answered
Your Score History
You have not taken this quiz